000 00625nam a2200217Ii 4500
001 9719
003 CO-ViMGA
008 241108s9999||||xx |||||||||||||| ||und||
020 _a9586230112
040 _aCO-ViMGA
_bspa
_erda
_cCO-ViMGA
041 0 _aspa
084 _aC PAR7
100 1 _aJaime Paredes Pardo
_948265
245 1 0 _aTres mujeres en la vida de un gorrión y otros cuentos
264 1 _aBogotá, Colombia : ICBF, 1986
300 _avolumen
336 _atext
_btxt
_2rdacontent
337 _aunmediated
_bn
_2rdamedia
338 _avolume
_bnc
_2rdacarrier
940 _aidficha_siabuc: 9503. -- ficha_no_siabuc:9719
999 _c42907
_d42907